000 02217nam a2200289Ia 4500
999 _c38631
_d38631
001 4821
003 GE_BSU
005 20190816114815.0
008 181216s203 ||||ge |||||||||||||| ||geo||
020 _a9992865113
040 _cGE_BSU
041 _ageo
080 _a821.14'01-394(075.3) პ-84
245 _aპრომეთე და ადამიანთა მოდგმა ; მითიური ხალხები ; ლეგენდარული მომღერლები. მისნები.
_b[დამხმ. სახელმძღვ. ზოგადსაგანმ. სკ. მოსწ.] /
_cთხრობა და კომენტარები რუსუდან ცანავასი ; თსუ-ს კლასიკ. ფილოლ., ბიზანტ. და ნეოგრეც. ინ-ტი.
250 _aმე-2 შესწორებული გამოცემა
264 _aთბილისი :
_bლოგოსი ;
_c2003.
300 _a159 გვ. :
_bილ. ;
_c20 სმ.
440 _a(პროგრამა "ლოგოსი" : პუბლიკაციები და ღონისძიებები კლასიკური ფილოლოგიის, ბიზანტინისტიკისა და ნეოგრეცისტიკის სფეროში : ბერძნული მითების სამყარო / სერიის მთ. რედ. რისმაგ გორდეზიანი).
_93642
541 _h12ლ.
653 _aპრომეთე და ადამიანთა მოდგმა
653 _aმითიური ხალხები
653 _aლეგენდარული მომღერლები
653 _a მისნები
700 _aცანავასი, რუსუდან
_eთხრობა და კომენტარები
_93643
710 _a თსუ
_eკლასიკური ფილოლოგიის, ბიზანტიკისა და ნეოგრეცისტიკის ინსტიტუტი.
_93644
942 _cBK
_2udc